000 00607 a2200217 4500
001 133007
020 _a8526218972
040 _cLeonardo Da Vinci
041 _aPortuguês
082 _aIJ W312m
_bW312m
100 _aWATERS, Gaby
245 _aA maldição do ídolo perdido
250 _a6. ed
260 _bScipione
_c1999
_aSão Paulo
300 _a48
362 _a19990000
490 _aSalve-se Quem Puder
500 _aGraham Round (Ilustração)
_aAristides Caruso (Tradução e Adaptação)
697 _aLiteratura infanto juvenil
_aLiteratura juvenil
_aMistério
_aEnigma
942 _cBK
999 _c133007
_d133007